| 000 | 00463nam a22001817a 4500 | ||
|---|---|---|---|
| 999 |
_c6264 _d6262 |
||
| 005 | 20210826101653.0 | ||
| 008 | 200518b xxu||||| |||| 00| 0 eng d | ||
| 020 | _a9798186270232 | ||
| 041 | _aeng | ||
| 082 | _a615.3 | ||
| 100 |
_aRAO,Dr G.DEVALA _95452 |
||
| 245 | _aA Text Book of Applied Biochemistry and clinical pathology | ||
| 250 | _a3'rd | ||
| 260 |
_aDelhi _bBirla Publication _c2019 |
||
| 300 | _a292, xvi | ||
| 650 |
_apharmacy _96682 |
||
| 942 | _cBK | ||